| 000 | 00705nam a2200205 i 4500 | ||
|---|---|---|---|
| 001 | 79944 | ||
| 003 | ES-MaACL | ||
| 005 | 20260306132314.0 | ||
| 007 | t| | ||
| 008 | 041025s1955 ag ||||1| spa d | ||
| 100 | 1 |
_aHill, Frank Ernest. _963700 |
|
| 245 | 1 | 0 |
_aShakespeare / _cFrank Ernest Hill ; traducción directa por Josefina Martínez Alinari ; dibujo de Addison Burbank. |
| 260 |
_a[S.l. : _bs.n., _c1955] ( _eBuenos Aires : _fPeuser) |
||
| 300 |
_a474 p. : _bretr. biog. ; _c24 cm. |
||
| 600 | 1 | 4 |
_aShakespeare, William, _d1564-1616 _9105992 |
| 700 | 0 |
_aMartínez Alinari, Josefina _977838 |
|
| 700 | 1 |
_aBurbank, Addison. _932574 |
|
| 852 |
_aES-MaACL _jC-16542 _bR.44675 |
||
| 999 |
_c79944 _d79944 |
||